[Event "Martinique Gratien Memorial 11th"]
[Site "Martinique"]
[Date "2024.03.25"]
[Round "4"]
[White "Fedorchuk, Sergey A"]
[Black "Suez Panama, Gilles"]
[Result "1-0"]
[WhiteElo "2546"]
[BlackElo "1922"]
[PlyCount "57"]
[EventDate "2024.03.25"]
[EventType "swiss"]
[EventRounds "9"]
[EventCountry "FRA"]
[SourceTitle "EXT 2025"]
[Source "ChessBase"]
[SourceDate "2024.10.14"]
[SourceVersion "1"]
[SourceVersionDate "2024.10.14"]
[SourceQuality "1"]

1. e4 e6 2. d4 d5 3. Nd2 Nc6 4. Ngf3 Nf6 5. e5 Nd7 6. Bd3 Nb4 7. Be2 f6 8. exf6 Qxf6 9. c3 Nc6 10. Nf1 Bd6 11. Ne3 0-0 12. Bd3 Bf4 13. 0-0 Qf7 14. Qc2 Qh5 15. Be2 Nf6 16. h3 Qh6 17. g3 Bxe3 18. Bxe3 Qxh3 19. Ng5 Qf5 20. Bd3 Qg4 21. Bxh7+ Kh8 22. Kg2 Ne4 23. Bxe4 dxe4 24. Rh1+ Kg8 25. Rh4 Qf5 26. Rah1 g6 27. Rh8+ Kg7 28. R1h7+ Kf6 29. Rxf8# 1-0

[Event "Martinique Gratien Memorial 11th"]
[Site "Martinique"]
[Date "2024.03.25"]
[Round "3"]
[White "Suez Panama, Gilles"]
[Black "Douglas, Lionel"]
[Result "1-0"]
[WhiteElo "1922"]
[BlackElo "1792"]
[PlyCount "71"]
[EventDate "2024.03.25"]
[EventType "swiss"]
[EventRounds "9"]
[EventCountry "FRA"]
[SourceTitle "EXT 2025"]
[Source "ChessBase"]
[SourceDate "2024.10.14"]
[SourceVersion "1"]
[SourceVersionDate "2024.10.14"]
[SourceQuality "1"]

1. Nf3 Nf6 2. d4 g6 3. c4 Bg7 4. Nc3 0-0 5. Bf4 d6 6. e3 c5 7. Be2 Qa5 8. 0-0 a6 9. h3 Nbd7 10. Qc2 Re8 11. a3 Qd8 12. Rfd1 b6 13. b4 Bb7 14. Rd2 cxd4 15. exd4 d5 16. c5 Ne4 17. Nxe4 dxe4 18. c6 Bxc6 19. Qxc6 exf3 20. Bxf3 Rc8 21. Qb7 Nb8 22. Rad1 h5 23. d5 Rc3 24. d6 exd6 25. Rxd6 Qc8 26. Qxb6 Qf5 27. Rd8 Qxf4 28. Rxe8+ Kh7 29. Qxb8 Rxf3 30. gxf3 Qxf3 31. Rdd8 Qxh3 32. Qf4 Qb3 33. Re7 Qh3 34. Rxf7 a5 35. Rxg7+ Kxg7 36. Qf8+ 1-0

[Event "Martinique Gratien Memorial 11th"]
[Site "Martinique"]
[Date "2024.03.25"]
[Round "7"]
[White "Suez Panama, Gilles"]
[Black "White, Chris1"]
[Result "0-1"]
[WhiteElo "1922"]
[BlackElo "1895"]
[PlyCount "92"]
[EventDate "2024.03.25"]
[EventType "swiss"]
[EventRounds "9"]
[EventCountry "FRA"]
[SourceTitle "EXT 2025"]
[Source "ChessBase"]
[SourceDate "2024.10.14"]
[SourceVersion "1"]
[SourceVersionDate "2024.10.14"]
[SourceQuality "1"]

1. Nf3 g6 2. d4 Bg7 3. h4 h5 4. e4 d6 5. Be3 Nf6 6. Nc3 a6 7. Ng5 Nc6 8. Bc4 e6 9. f3 b5 10. Be2 e5 11. d5 Nd4 12. Qd2 Nd7 13. a4 b4 14. Na2 a5 15. b3 Nc5 16. Bc4 Bd7 17. Nc1 Qe7 18. Ne2 Nxe2 19. Qxe2 Bh6 20. 0-0-0 f6 21. Nh3 Bxe3+ 22. Qxe3 0-0-0 23. Nf2 f5 24. Nd3 Kb7 25. Nb2 Rb8 26. Be2 Rhf8 27. Nc4 Ra8 28. Qd2 Qe8 29. Nxa5+ Kc8 30. Qxb4 Rb8 31. Qc3 fxe4 32. b4 exf3 33. gxf3 Nxa4 34. Ba6+ Kd8 35. Qe3 Rxb4 36. Qg5+ Qe7 37. Qxg6 Nc5 38. Be2 Ra4 39. Nc6+ Bxc6 40. dxc6 Ne6 41. Bd3 d5 42. Bf5 Qa3+ 43. Kd2 Qb4+ 44. c3 Qf4+ 45. Ke1 Qe3+ 46. Kf1 Qxf3+ 0-1

[Event "Hastings Masters op 97th"]
[Site "Hastings"]
[Date "2024.01.04"]
[Round "8"]
[White "Suez Panama, Gilles"]
[Black "Park, Inchan"]
[Result "1-0"]
[WhiteElo "1868"]
[BlackElo "1768"]
[PlyCount "113"]
[EventDate "2023.12.28"]
[EventType "swiss"]
[EventRounds "9"]
[EventCountry "ENG"]
[SourceTitle "CBM 218 Extra"]
[Source "ChessBase"]
[SourceDate "2024.03.31"]
[SourceVersion "1"]
[SourceVersionDate "2024.03.31"]
[SourceQuality "1"]

1. Nf3 Nf6 2. g3 b6 3. Bg2 Bb7 4. 0-0 g6 5. d3 d5 6. c3 Bg7 7. Qa4+ Nbd7 8. Re1 0-0 9. Qh4 e5 10. Bh6 Nh5 11. Bxg7 Qxh4 12. Nxh4 Nxg7 13. Nf3 Rfe8 14. d4 e4 15. Nfd2 Ne6 16. e3 b5 17. Na3 a6 18. Nb3 Rac8 19. Na5 Ba8 20. h4 c5 21. Nc2 Nb6 22. dxc5 Nxc5 23. Re2 Nd3 24. Nb4 Nxb4 25. cxb4 Nc4 26. Nb3 Bc6 27. Nc5 a5 28. b3 Ne5 29. bxa5 b4 30. Rd2 Red8 31. Na6 Nd3 32. Bf1 Ne5 33. Bg2 Nd3 34. Bf1 Ne5 35. Be2 Bb5 36. Nxb4 Ra8 37. a6 Bxe2 38. Rxe2 Nf3+ 39. Kg2 f5 40. Nc6 Rd6 41. Nd4 Ne5 42. a7 Rb6 43. a4 Rxa7 44. a5 Rba6 45. b4 Nd3 46. Ra4 Ne5 47. Rea2 Nc4 48. Nb3 Ra8 49. b5 R6a7 50. a6 Rb8 51. Nd4 Nb6 52. Nc6 Nxa4 53. Nxb8 Nb6 54. Nc6 Rc7 55. a7 Na8 56. Rd2 Rd7 57. Rxd5 1-0

[Event "FRA-ch Blitz Online Qual"]
[Site "Europe Echecs INT"]
[Date "2020.05.16"]
[Round "8"]
[White "Suez Panama, Gilles"]
[Black "Rasolo, Loic"]
[Result "1-0"]
[WhiteElo "1943"]
[BlackElo "1951"]
[PlyCount "99"]
[EventDate "2020.05.16"]
[EventType "swiss (blitz)"]
[EventRounds "15"]
[EventCountry "FRA"]
[SourceTitle "CBM 196 Extra"]
[Source "ChessBase"]
[SourceDate "2020.07.31"]
[SourceVersion "1"]
[SourceVersionDate "2020.07.31"]
[SourceQuality "1"]

1. d4 Nf6 2. Nf3 c5 3. d5 d6 4. c4 g6 5. Nc3 Bg7 6. g3 0-0 7. Bg2 Na6 8. 0-0 Nc7 9. Qc2 a6 10. a4 Rb8 11. a5 e5 12. h3 Bf5 13. e4 Bd7 14. Bg5 Qc8 15. Kh2 h6 16. Be3 Nh5 17. Qd2 Kh7 18. Nh4 Qd8 19. Na4 f5 20. exf5 gxf5 21. f4 e4 22. Nb6 Bf6 23. Nxd7 Qxd7 24. Bh1 Bxh4 25. gxh4 Rg8 26. Rg1 Qe7 27. Qc3 Qxh4 28. Raf1 Rg3 29. Bg2 Rbg8 30. Qe1 Qf6 31. Bf2 R3g6 32. Bh1 Nxf4 33. Rxg6 Nxg6 34. Qd2 Qe5+ 35. Bg3 Qf6 36. Bxe4 Ne7 37. Qc2 Rf8 38. Bd3 Qg5 39. Rf4 Kh8 40. Qc3+ Qg7 41. Qc2 Qg5 42. Rf3 f4 43. Bf2 Rg8 44. Qc3+ Qg7 45. Bf1 Qxc3 46. Rxc3 Ng6 47. Rf3 Rf8 48. Be1 Ne8 49. Bc3+ Kh7 50. Bd3 1-0

[Event "Gibraltar Masters 17th"]
[Site "Caleta"]
[Date "2019.01.31"]
[Round "10"]
[White "Suez Panama, Gilles"]
[Black "Wilson, Matthew R"]
[Result "1-0"]
[WhiteElo "2078"]
[BlackElo "1822"]
[PlyCount "105"]
[EventDate "2019.01.22"]
[EventType "swiss"]
[EventRounds "10"]
[EventCountry "GGB"]
[SourceTitle "CBM 188 Extra"]
[Source "ChessBase"]
[SourceDate "2019.02.28"]
[SourceVersion "1"]
[SourceVersionDate "2019.02.28"]
[SourceQuality "1"]

1. d4 Nf6 2. Nf3 e6 3. c4 d5 4. Bg5 Be7 5. Nc3 h6 6. Bh4 Nbd7 7. e3 b6 8. cxd5 exd5 9. Bb5 Bb7 10. Ne5 0-0 11. Nc6 Qe8 12. Nxe7+ Qxe7 13. Bxd7 Qxd7 14. Bxf6 gxf6 15. Qf3 f5 16. Rc1 c5 17. 0-0 Kh7 18. Rfd1 c4 19. Ne2 Rg8 20. Ng3 Rg6 21. Qxf5 Qxf5 22. Nxf5 Re8 23. Nh4 Rgg8 24. Rc3 b5 25. Ra3 a6 26. Ra5 Bc8 27. g3 Re6 28. Ng2 Rd6 29. f3 f5 30. Nf4 Bd7 31. Kf2 Rd8 32. Ke2 Be8 33. Kd2 b4 34. a3 bxa3 35. Rxa3 Rb8 36. Kc2 Bf7 37. Rda1 Rdb6 38. R1a2 Ra8 39. Ra5 Rd6 40. Rc5 Re8 41. Kd2 Re7 42. Rca5 Rb7 43. Kc2 Re7 44. R2a3 Kg7 45. h3 Kh7 46. Rc5 Rb7 47. b3 Rdb6 48. Nxd5 Rxb3 49. Rxb3 Rxb3 50. Rxc4 Ra3 51. Rc7 Kg6 52. Kb2 Rd3 53. Nf4+ 1-0

[Event "Gibraltar Masters 17th"]
[Site "Caleta"]
[Date "2019.01.29"]
[Round "8"]
[White "Smith, Andrew Philip"]
[Black "Suez Panama, Gilles"]
[Result "1-0"]
[WhiteElo "2167"]
[BlackElo "2078"]
[PlyCount "53"]
[EventDate "2019.01.22"]
[EventType "swiss"]
[EventRounds "10"]
[EventCountry "GGB"]
[SourceTitle "CBM 188 Extra"]
[Source "ChessBase"]
[SourceDate "2019.02.28"]
[SourceVersion "1"]
[SourceVersionDate "2019.02.28"]
[SourceQuality "1"]

1. d4 e6 2. c4 d5 3. Nc3 c6 4. e3 f5 5. Qh5+ g6 6. Qe2 Nf6 7. Nh3 Bg7 8. Nf4 Qe7 9. h4 Qf7 10. b3 Ne4 11. Nxe4 fxe4 12. Bb2 Nd7 13. 0-0-0 b6 14. Kb1 a5 15. Qc2 Bb7 16. Be2 0-0 17. Rh3 Rfd8 18. Rg3 a4 19. h5 axb3 20. axb3 Nf8 21. hxg6 Nxg6 22. Bh5 Ra7 23. Bxg6 hxg6 24. Rxg6 Rda8 25. Rh1 c5 26. Rh5 cxd4 27. Rhg5 1-0

[Event "Gibraltar Masters 17th"]
[Site "Caleta"]
[Date "2019.01.25"]
[Round "4"]
[White "Suez Panama, Gilles"]
[Black "Gravett, Alan David"]
[Result "1/2-1/2"]
[WhiteElo "2078"]
[BlackElo "1840"]
[PlyCount "87"]
[EventDate "2019.01.22"]
[EventType "swiss"]
[EventRounds "10"]
[EventCountry "GGB"]
[SourceTitle "CBM 188 Extra"]
[Source "ChessBase"]
[SourceDate "2019.02.28"]
[SourceVersion "1"]
[SourceVersionDate "2019.02.28"]
[SourceQuality "1"]

1. d4 Nf6 2. Nf3 c5 3. d5 d6 4. Nc3 g6 5. e4 Bg7 6. Be2 0-0 7. 0-0 Bd7 8. Re1 Na6 9. h3 Nc7 10. a4 b6 11. Bf4 a6 12. Qd2 b5 13. Bf1 Rb8 14. Bh6 bxa4 15. Bxg7 Kxg7 16. e5 dxe5 17. Nxe5 Rxb2 18. Nxd7 Qxd7 19. Nxa4 Rbb8 20. c4 Qd6 21. Qe3 e6 22. Qxc5 Qxc5 23. Nxc5 exd5 24. cxd5 Ncxd5 25. Rxa6 Rbc8 26. Nb7 Rb8 27. Nd6 Ra8 28. Rea1 Rxa6 29. Rxa6 Nc7 30. Ra7 Nfd5 31. Bc4 Kf6 32. f4 Ke6 33. Nb7 Kf6 34. Nd6 Ke6 35. Nb7 Kf6 36. g3 Ne3 37. Bb3 Nf5 38. Nc5 Rc8 39. Nd7+ Kg7 40. g4 Nd4 41. Bc4 Nce6 42. Bxe6 Nxe6 43. Ne5 Rc7 44. Rxc7 1/2-1/2

[Event "Martinique-ch 34th playoff"]
[Site "Le Lamentin"]
[Date "2018.05.13"]
[Round "1"]
[White "Suez Panama, Gilles"]
[Black "Verneuil, Pascal"]
[Result "0-1"]
[WhiteElo "1971"]
[BlackElo "2154"]
[PlyCount "98"]
[EventDate "2018.05.13"]
[EventType "match (rapid)"]
[EventRounds "2"]
[EventCountry "MFR"]
[SourceTitle "CBM 184 Extra"]
[Source "ChessBase"]
[SourceDate "2018.06.28"]
[SourceVersion "1"]
[SourceVersionDate "2018.06.28"]
[SourceQuality "1"]

1. d4 Nf6 2. Nf3 d5 3. c4 dxc4 4. g3 Bg4 5. Bg2 c6 6. Ne5 Be6 7. a4 Nbd7 8. Nf3 Bd5 9. Nc3 e6 10. Qc2 Bb4 11. 0-0 Bxf3 12. Bxf3 0-0 13. e4 e5 14. Rd1 exd4 15. Rxd4 Qe7 16. Bf4 a5 17. Rad1 Ne5 18. Bg2 Nd3 19. Rxc4 Nxf4 20. gxf4 Rfd8 21. Ne2 Rxd1+ 22. Qxd1 Rd8 23. Rd4 Rxd4 24. Qxd4 Bc5 25. Qc4 Ng4 26. Ng3 Bxf2+ 27. Kh1 Qh4 28. Nf1 Nxh2 29. Nxh2 Bg3 30. Kg1 Bxh2+ 31. Kf1 Qxf4+ 32. Ke2 h5 33. Qb3 Qg4+ 34. Bf3 Qd7 35. Qc3 h4 36. Qxa5 Bg3 37. Qa8+ Kh7 38. Qf8 Be5 39. Qb4 h3 40. Qe1 g5 41. Qg1 Bf4 42. Bg4 Qd2+ 43. Kf3 h2 44. Bf5+ Kg7 45. Qf1 Qxb2 46. Kg4 Qc1 47. Qd3 Qg1+ 48. Kh5 h1Q+ 49. Bh3 Qd1+ 0-1

[Event "Martinique-ch 34th"]
[Site "Le Lamentin"]
[Date "2018.05.10"]
[Round "5"]
[White "Verneuil, Pascal"]
[Black "Suez Panama, Gilles"]
[Result "0-1"]
[WhiteElo "2154"]
[BlackElo "1971"]
[PlyCount "116"]
[EventDate "2018.05.05"]
[EventType "tourn"]
[EventRounds "11"]
[EventCountry "MFR"]
[SourceTitle "CBM 184 Extra"]
[Source "ChessBase"]
[SourceDate "2018.06.28"]
[SourceVersion "1"]
[SourceVersionDate "2018.06.28"]
[SourceQuality "1"]

1. e4 e6 2. d4 d5 3. Bd3 c5 4. exd5 Qxd5 5. Nc3 Qd8 6. dxc5 Bxc5 7. Ne4 Be7 8. Qg4 g6 9. Qe2 Nc6 10. Nf3 Bd7 11. a3 h6 12. Bd2 f5 13. Nc3 Nf6 14. Bc4 Qb6 15. 0-0 Nd4 16. Nxd4 Qxd4 17. Rad1 Ne4 18. Be3 Nxc3 19. bxc3 Qe5 20. Qd2 Qc7 21. Bf4 Qxc4 22. Qxd7+ Kf7 23. Bd6 Rhe8 24. Qxb7 Qc8 25. Qb4 a5 26. Qf4 g5 27. Qf3 Bf6 28. Rd3 g4 29. Qe3 Kg6 30. f3 h5 31. fxg4 hxg4 32. h3 Bg5 33. Qg3 Qc4 34. Bf4 Qc5+ 35. Rf2 e5 36. Bxg5 Kxg5 37. Rd7 Ra7 38. Rxa7 Qxa7 39. hxg4 f4 40. Qh3 Re7 41. Qh5+ Kf6 42. g5+ Ke6 43. Qg6+ Kd7 44. Kf1 Qe3 45. Re2 Qxc3 46. Qf5+ Kc7 47. g6 Qa1+ 48. Re1 Qc3 49. Qf8 Qc4+ 50. Re2 Rd7 51. g7 Rd1+ 52. Kf2 Qd4+ 53. Kf3 Rf1+ 54. Kg4 f3+ 55. Kg5 fxe2 56. Qe7+ Kc6 57. Qe6+ Kc7 58. g8Q Qf4+ 0-1

[Event "Gibraltar Challengers-B"]
[Site "Caleta"]
[Date "2018.01.31"]
[Round "5"]
[White "Suez Panama, Gilles"]
[Black "Khoo Thwe, Louis"]
[Result "1/2-1/2"]
[WhiteElo "1959"]
[BlackElo "1724"]
[PlyCount "111"]
[EventDate "2018.01.27"]
[EventType "swiss"]
[EventRounds "5"]
[EventCountry "GGB"]
[SourceTitle "EXT 2019"]
[Source "ChessBase"]
[SourceDate "2018.10.10"]
[SourceVersion "1"]
[SourceVersionDate "2018.10.10"]
[SourceQuality "1"]

1. d4 Nf6 2. Nf3 e6 3. c4 b6 4. a3 Bb7 5. Nc3 d5 6. cxd5 exd5 7. g3 Be7 8. Bg2 0-0 9. 0-0 Re8 10. Bf4 c5 11. Nb5 Na6 12. Ne5 cxd4 13. Nxd4 Bc5 14. b4 Bxd4 15. Qxd4 Qe7 16. Bf3 Nc7 17. Qb2 Ne6 18. Nd3 Nxf4 19. Nxf4 Rad8 20. Qd4 Ne4 21. h4 Qe5 22. Rfd1 h6 23. Qxe5 Rxe5 24. e3 g5 25. hxg5 hxg5 26. Nh5 Rc8 27. Rac1 Nc3 28. Re1 Ba6 29. Kg2 Ne4 30. Rxc8+ Bxc8 31. Rc1 Be6 32. g4 f5 33. Bxe4 fxe4 34. Rc7 Kf8 35. Nf6 a5 36. bxa5 bxa5 37. Ra7 a4 38. Kg3 Bc8 39. Rc7 Be6 40. Ra7 Bc8 41. Kh3 d4 42. exd4 e3 43. fxe3 Rxe3+ 44. Kg2 Rxa3 45. Nh7+ Ke8 46. Nxg5 Bxg4 47. d5 Ra1 48. Kg3 Bd7 49. Kf4 Rf1+ 50. Ke5 Rf5+ 51. Kd6 Rxg5 52. Ra8+ Kf7 53. Ra7 Ke8 54. Ra8+ Kf7 55. Ra7 Ke8 56. Ra8+ 1/2-1/2

[Event "Gibraltar Masters 16th"]
[Site "Caleta"]
[Date "2018.01.29"]
[Round "7"]
[White "Richards, Heather"]
[Black "Suez Panama, Gilles"]
[Result "1-0"]
[WhiteElo "2223"]
[BlackElo "1959"]
[PlyCount "37"]
[EventDate "2018.01.23"]
[EventType "swiss"]
[EventRounds "10"]
[EventCountry "GGB"]
[SourceTitle "CBM 183"]
[Source "ChessBase"]
[SourceDate "2018.03.14"]
[SourceVersion "1"]
[SourceVersionDate "2018.03.14"]
[SourceQuality "1"]

1. e4 e6 2. d3 d5 3. Qe2 Nf6 4. Nf3 Be7 5. g3 c5 6. Bg2 Nc6 7. 0-0 0-0 8. e5 Nd7 9. c4 Nb6 10. h4 dxc4 11. dxc4 Nd4 12. Nxd4 Qxd4 13. Na3 Rd8 14. Bf4 Na4 15. Rad1 Qxb2 16. Rxd8+ Bxd8 17. Qd1 Bd7 18. Qxd7 Qxa3 19. Qe8# 1-0

[Event "Gibraltar Challengers-B"]
[Site "Caleta"]
[Date "2018.01.29"]
[Round "3"]
[White "Suez Panama, Gilles"]
[Black "Chibnall, Alana"]
[Result "0-1"]
[WhiteElo "1959"]
[BlackElo "1906"]
[PlyCount "132"]
[EventDate "2018.01.27"]
[EventType "swiss"]
[EventRounds "5"]
[EventCountry "GGB"]
[SourceTitle "EXT 2019"]
[Source "ChessBase"]
[SourceDate "2018.10.10"]
[SourceVersion "1"]
[SourceVersionDate "2018.10.10"]
[SourceQuality "1"]

1. d4 Nf6 2. Nf3 g6 3. c4 Bg7 4. Nc3 d6 5. Bf4 0-0 6. e3 Nh5 7. Bg5 Qe8 8. Be2 c6 9. 0-0 e5 10. Ne1 Nf6 11. h3 h6 12. Bh4 Nh7 13. Bg3 f5 14. c5 exd4 15. exd4 f4 16. Bh2 d5 17. Nf3 Nd7 18. Re1 Qf7 19. Bd3 Rd8 20. Qc2 Nhf8 21. Re2 g5 22. Rae1 Nf6 23. Re7 Qh5 24. Ne5 Bxh3 25. gxh3 Qxh3 26. Bf5 Qh4 27. Qe2 Re8 28. Rxe8 Rxe8 29. f3 N6d7 30. Qf2 Qxf2+ 31. Kxf2 Nxe5 32. dxe5 Bxe5 33. Kf1 Kf7 34. Bg1 Kf6 35. Bg4 Ne6 36. Nd1 Ng7 37. b4 h5 38. Bh3 Ne6 39. Re2 g4 40. fxg4 Ng5 41. Nf2 Nxh3 42. Nxh3 hxg4 43. Nxf4 Kg5 44. Nd3 Rf8+ 45. Kg2 Bf6 46. Bf2 Rf7 47. Kg3 Kf5 48. Re8 Rh7 49. Kg2 Re7 50. Rf8 Ke4 51. Rxf6 Kxd3 52. Rg6 a6 53. Rxg4 Re4 54. Rg7 Rxb4 55. a3 Rb2 56. Kf3 Kc4 57. Rg4+ Kb3 58. Be3 Ka2 59. Rb4 Rxb4 60. axb4 Kb3 61. Bd2 Kc2 62. Be3 Kc3 63. Ke2 Kxb4 64. Kd3 a5 65. Bd4 a4 66. Kc2 Kc4 0-1